MDQL
is popping MORE tags! Check the
thread
!
Quizzes
Events
Quiz Creation
Community
Videos
Private Events
Remove Ads
Sign In
Join for FREE
Feedback
Dark Mode
Quiz Categories
Sports
Geography
Music
Movies
Television
Just For Fun
Miscellaneous
History
Literature
Language
Science
Gaming
Entertainment
Religion
Holiday
For Kids
Quiz Lab
Recent
Popular Today
Quiz Kudos Today
Editor Picks
Curator Picks
Quizzes by...
Day
Popularity
Type
Ratings
Length
Year
Community
Subscriptions
Recent Discussions
Orange Saloon
Badges
Playlists
Quests
Create
Leaderboards
Showdown
Live 5
Trivia Bingo
Activity
Puzzle Library
Sporcle Events
Private Events
Virtual Trivia
Globe League
Become a Host
Pub Owners
SporcleCon
Opinionation
Our Games
Videos
Blog
Mobile Apps
Partnerships
Remove Ads and Go Orange
Feedback
History
US Presidents
World Leaders
Politics
Nation
Discovery
War
Decade
Year
Century
Biography
Art
History
US Presidents
World Leaders
Politics
Nation
Discovery
War
Decade
Year
Century
Biography
Art
Random Quiz
Search Sporcle
×
Quiz Lab
Quiz Lab
History
United States
Type in answers that appear in a list
Type in answers that appear in a list
Classic
Best Score? Go Orange.
World War II Facts Stats
Can you name the World War II Facts?
By
HMcG
5m
9 Questions
1,318 Plays
1,318 Plays
1,318 Plays
Comments
Comments
Give Quiz Kudos
Give Quiz Kudos
-
- Ratings
hide this ad
Replay
Link that replays current quiz
Next Quiz
Link to next quiz in quiz playlist
You Got
0%
They Got
Avg Score
69%
Avg Friend Score
Upgrade to see
Score Distribution
Jump to the score distribution portion of the page
Score
0/9
Timer
05:00
0
Plays Today
Question
Answer
% Correct
Who was the Prime Minister of England during the majority of WWII?
Winston Churchill
95.1%
Who was the Fascist leader of Italy during WWII?
Benito Mussolini
91%
Which famous battle took place in a Russian city named after its leader? (Russia vs. Germany 1942-
43) (Russia took the victory)
Battle of Stalingrad
90.2%
U.S. immigrants from which country were put into U.S. internment camps?
Japan
82.1%
What U.S. plane dropped the 'Little Boy' atomic bomb?
Enola Gay
70.3%
What act did FDR set up to lease weaponry to England?
Lend Lease
57.3%
From what Native American tribe did the U.S. code talkers who were used in the South Pacific come from?
Navajo
55.8%
What was the anti-
Jewish pogrom that happened Nov. 9-
10, 1938?
Kristallnacht
45.6%
Who was the famous German colonel who tried to kill Hitler? (Tom Cruise played him in Valkyrie)
von Stauffenberg
33.4%
Quiz Playlist
Details
Report
Send in Message
Add To Playlist
Classic:
Type in answers that appear in a list
Last Updated: Feb 16, 2017
Quiz Scoreboard
CHALLENGE
Sign Up to Join the Scoreboard
Show All
Scores
Hide
Comments
May contain spoilers
Recently Published
Find the 'City' Movie
by crazypaving
Movies
60s
5x2 Blitz: Bands
by SL_Kpop136
Music
30s
Colored Red Africa Blitz
by spor1
Geography
30s
More to Explore
Quiz From the Vault
Featured Blog Post
14 Easter Pick-up Lines to Find Eggs With
hide this ad
You Might Also Like...
Tags
United States Quiz
War Quiz
World Quiz
20th Century
Germany
Hitler
Today's Top Quizzes in History
Browse History
hide this ad
Today's Top Quizzes in United States
Browse United States
Top Contributed Quizzes in History
1
I Am Born On March 29th
2
Order Up: 1000 Years of World Events I
3
US National Parks Named After People
4
Popular People in 1951
5
Popular People in 1991
6
Popular People in 1941
7
Popular People in 1921
8
Popular People in 1981
9
Popular People in 1986
10
Popular People in 1976
Explore More
Trending Topics
Kpop
Crossword
Anime
Disney
Marvel
NBA
Harry Potter
Country
NFL
Song
Soccer
Puzzle
Pokémon
The Office
WWE
hide this ad
More By:
HMcG
Quiz
Plays
Rating
Category
Featured
Created
Profile: Margaret Thatcher
16,562
4.21
History
Mar 1, 2011
World War II Facts
1,318
3.20
History
Jan 3, 2010
Common Spanish Verbs
917
1.60
Language
Jan 1, 2010
Music Man Characters
368
4.00
Entertainment
Jan 17, 2010
Colorado Ski Mountains
157
Geography
Jan 1, 2010
Go to Creator's Profile
Score Distribution
Quiz Creator Spotlight
HMcG
Follow
Send a Message
Quizzes Created
-
Created Quiz Play Count
-
More By This Creator
Popular Quizzes Today
1
Colored Red Africa Blitz
2
Find the 'City' Movie
3
Find the US States - No Outlines Minefield
4
5x2 Blitz: Bands
5
The Countries of the World
6
Find the US States
7
Find the Countries of Europe - No Outlines Minefield
8
US States
More History Quizzes
Black History Month Trivia
Published
Trending Quizzes
Colored Red Europe Blitz I
Colored Red Africa Blitz II
Colored Red Europe Blitz II
Colored Red Europe Blitz III
Colored Red Africa Blitz III
Recently Updated
How Do You Spell That?
pecheneg
Godzilla Movies
pecheneg
Grab Bag: 4-10 Letters
pecheneg
2024 March Madness Bracket
pecheneg
Famous TV Couples
Peacemaker
Champions League XIs: Real Madrid
pecheneg
Largest US Cities 1790-2010
pecheneg
Rides in Walt Disney World
pecheneg
Most Oscar Losses (Acting)
pecheneg
Beyoncé Albums
pecheneg
Trending Topics
Harry Potter
Kpop
Anime
Disney
NBA
Crossword
Marvel
Pokémon
Puzzle
Country
NFL
Song
Soccer
WWE
The Office
Your Account Isn't Verified!
In order to create a playlist on Sporcle, you need to verify the email address you used during registration. Go to your
Sporcle Settings
to finish the process.
Report this User
Report this user for behavior that violates our
Community Guidelines
.
Details:
Send Report
Go to the Sporcle.com Mobile Site →
Comments